[PAROLES] - Le chasseur - Michel Delpech - Statistiques

Statistiques générales
  • Ce quiz a été pris 312 fois
  • Le résultat moyen est 156 sur 196
Statistiques - réponses
Réponse % Correct
le
99%
Le
99%
les
98%
Les
98%
de
97%
De
97%
des
96%
la
95%
La
95%
oies
94%
sauvages
94%
Et
93%
me
93%
Par
93%
par
93%
Passer
93%
dessus
92%
j'ai
92%
J'ai
92%
s'en
92%
Méditerranée
91%
allaient
90%
dans
90%
Dans
90%
Elles
90%
elles
90%
midi
90%
Soudain
90%
soudain
90%
Vers
90%
vu
90%
mon
88%
Un
88%
nuages
87%
vol
87%
du
86%
au
85%
Au
85%
Il
85%
l'étang
84%
matin
84%
était
83%
heures
83%
je
83%
Je
83%
cinq
82%
perdreaux
80%
fusil
79%
mains
79%
champs
76%
marécages
76%
bien
75%
chantait
75%
forêt
75%
soleil
75%
bout
74%
loin
73%
roseaux
73%
brillait
72%
Avec
70%
brume
70%
En
70%
J'avais
70%
Montait
69%
Couverts
68%
épagneul
68%
l'altitude
68%
chiens
66%
j'étais
66%
marais
66%
peu
66%
On
65%
promenade
65%
coupable
64%
emmené
64%
passereau
64%
prenait
64%
sentais
64%
ciel
63%
moi
62%
suis
62%
si
61%
bleu
60%
devant
60%
fond
60%
oiseaux
60%
parti
60%
qui
60%
tout
60%
avançait
58%
ces
58%
seul
58%
voyage
58%
Alors
57%
étaient
57%
Là-haut
57%
leur
57%
regardais
57%
tous
55%
marchaient
54%
accompagner
51%
aimé
51%
J'aurais
51%
j'aurais
51%
pressés
50%
aimer
34%
Oui
26%
Aucun quiz correspondant
Distribution des résultats
% des personnes avec chaque résultat
Percentile par nombre de réponses
Votre historique - résultats
Vous n’avez pas pris ce quiz